000 00412nam a2200169Ia 4500
005 20240703004947.0
008 240331s9999 xx 000 0 und d
020 _a0415106613
082 _a153
_bBRE
100 _aBrentano, F
245 0 _aPsychology from an empirical standpoint
260 _aLondon
_bRoutledge
_c1995
300 _axxix, 415 p .,
650 _aPsychology
650 _aPhilosophy
942 _cL
999 _c732
_d732